La Hora de las descentralización /

Furkejuvvon:
Bibliográfalaš dieđut
Váldodahkki: Solís, Ottón
Materiálatiipa: Texto
Fáddágilkorat: Lasit fáddágilkoriid
Eai fáddágilkorat, Lasit vuosttaš fáddágilkora!

MARC

LEADER 00000 a a2200000 04500
001 17165
003
040
100 |a Solís, Ottón  
245 |a La Hora de las descentralización /  |c Ottón Solís 
773 |g volumen 8, número 1; páginas 427-440  
999 |c 38244  |d 38244